Strategic Human Resource Management, (Record no. 5095)

MARC details
005 - DATE AND TIME OF LATEST TRANSACTION
control field 20250625140558.0
020 ## - INTERNATIONAL STANDARD BOOK NUMBER
International Standard Book Number 0-19-568359-5
082 ## - DEWEY DECIMAL CLASSIFICATION NUMBER
Classification number 658.3AGA
100 ## - MAIN ENTRY--PERSONAL NAME
Author name AGARWALA, T.
245 ## - TITLE STATEMENT
Title Strategic Human Resource Management,
260 ## - PUBLICATION, DISTRIBUTION, ETC.
Place of publication, distribution, etc. New York,
Name of publisher, distributor, etc. Oxford University Press,
Date of publication, distribution, etc. 2007.
300 ## - PHYSICAL DESCRIPTION
Extent xiii, 801, : ill.; figure, table
Other physical details Index
Dimensions 24cm
942 ## - ADDED ENTRY ELEMENTS (KOHA)
Source of classification or shelving scheme Dewey Decimal Classification
Koha item type Books
Holdings
Date last seen Total checkouts Full call number Barcode Cost, replacement price Price effective from Koha item type Lost status Source of classification or shelving scheme Damaged status Not for loan Withdrawn status Home library Current library Shelving location Date acquired Cost, normal purchase price
06/25/2025   658.3AGA DOM0003643 60000.00 06/25/2025 Books   Dewey Decimal Classification       CBE Dodoma CBE Dodoma General Collection 07/24/2010 20000.00
06/25/2025   658.3AGA DOM0001861 60000.00 06/25/2025 Books   Dewey Decimal Classification       CBE Dodoma CBE Dodoma General Collection 07/24/2010 20000.00
06/25/2025   658.3AGA DOM0003659 60000.00 06/25/2025 Books   Dewey Decimal Classification       CBE Dodoma CBE Dodoma General Collection 07/24/2010 20000.00
06/25/2025   658.3AGA DOM0001707 60000.00 06/25/2025 Books   Dewey Decimal Classification       CBE Dodoma CBE Dodoma General Collection 07/24/2010 20000.00
06/25/2025   658.3AGA DOM0003644 60000.00 06/25/2025 Books   Dewey Decimal Classification       CBE Dodoma CBE Dodoma General Collection 07/24/2010 20000.00
06/25/2025   658.3IVA DOM0001697 60000.00 06/25/2025 Books   Dewey Decimal Classification       CBE Dodoma CBE Dodoma General Collection 07/24/2010 20000.00